Schulfächer - Statistiken

Allgemein
  • Dieses Quiz wurde 357 mal gespielt
  • Das Durchschnittsergebnis liegt bei 15 aus 26
Antwortstatistiken
Hint Antwort % Korrekt
1 Mathe
100%
2 Deutsch
99%
8 Englisch
98%
14 Sport
94%
12 Chemie
92%
4 Biologie
91%
10 Französisch
89%
13 Physik
89%
6 Kunst
86%
9 Spanisch
84%
15 Geschichte
82%
7 Musik
78%
11 Latein
77%
26 Religion
77%
5 Erdkunde
75%
16 Politik
61%
3 Informatik
59%
17 Philosophie
36%
23 Technik
25%
18 Darstellendesspiel
12%
20 Naturwissenschaften
11%
19 Werte und Normen
11%
21 Sachunterricht
7%
24 Gesellschaftslehre
4%
25 Textiles Gestalten
4%
22 Gestaltendes Werken
1%
Keine übereinstimmenden Quizze gefunden
Verteilung der Resultate
Anzahl Personen mit jedem Resultat
Perzentil nach korrekt beantworteten Fragen
Ihre Resultats-Entwicklung
Sie haben dieses Quiz noch nicht gespielt